LEADER 01080nam0 22002531i 450 001 RML0237121 005 20231121125703.0 100 $a20121121d1987 ||||0itac50 ba 101 | $aita 102 $ait 181 1$6z01$ai $bxxxe 182 1$6z01$an 200 1 $aPOTERI dell'imprenditore e diritto all'informazione nella gestione dell'impresa$eProfili comparatistici$fa cura di Piero Verrucoli$gcon la collaborazione di Vittorio Affermi... [et al.] 210 $aMilano $cGiuffr $d1987 215 $aiv,656 p.$d24 cm. 700 1$aVERRUCOLI$b, Piero$3RMLV151440$0433827 801 3$aIT$bIT-01$c20121121 850 $aIT-FR0098 899 $aBiblioteca Area Giuridico Economica$bFR0098 912 $aRML0237121 950 0$aBiblioteca Area Giuridico Economica$d 53CAM 344/16$e 53VM 0000058445 VM barcode:ECO004723. - Inventario:2009. - Fondo:Sala consultazioneVM$fA $h19960503$i20121204 977 $a 53 996 $aPoteri dell'imprenditore e diritto all'informazione nella gestione dell'impresa$9207330 997 $aUNICAS